| 000 | 00867nam a22002537a 4500 | ||
|---|---|---|---|
| 999 |
_c410360 _d410360 |
||
| 001 | 136725 | ||
| 003 | UA-OsUOA | ||
| 005 | 20200617113405.0 | ||
| 007 | ta | ||
| 008 | 20190405b un ||||| |||| 00| 0 ukr d | ||
| 020 | _a978-966-351-081-1 | ||
| 040 |
_aUA-OsUOA _bukr _cUA-OsUOA _dUA-OsUOA |
||
| 041 | _aukr | ||
| 080 | _a658.15(075.8) | ||
| 090 |
_a658.15(075.8) _bЯ47 |
||
| 100 | _aЯковлєв Ю. П. | ||
| 245 |
_aКонтролінг на базі інформаційних технологій _bнавчальний посібник |
||
| 260 |
_aК. _bКондор _c2018 |
||
| 300 | _a400 с. | ||
| 650 | 7 |
_a658 Організація комерційних та приватних підприємств. Організація торгівлі _2UDC |
|
| 942 |
_cBK _2udc |
||
| 955 | _a2 | ||